• 首页
  • 本馆介绍
  • 公告通知
  • 最新文献
  • 馆藏检索
  • 电子资源
  • 读者导购
  • 参考咨询
  • 我的图书馆
  • 登录
  • 详细信息显示
  • 放入我的书架
  • 预约/预借图书
  • 作者相关作品
  • 分类相关作品
  • 丛书相关作品
  • 出版社相关作品

书目信息

  • 表格格式
  • 工作单格式
  • 卡片格式
题名:
双重冲击
    
 
作者: 李晓 著
分册:  
出版信息: 北京   机械工业出版社  2022
页数: 16,351页
开本: 23cm
丛书名:
单 册:
中图分类: F11-53 , F114-53 , F11
科图分类:
主题词: 世界经济--文集 , 国际经济关系--文集
电子资源:
ISBN: 978-7-111-70154-5
000 01338nam0 2200265 450
001 2275425633
005 20220930205721.27
010    @a978-7-111-70154-5@dCNY99.00
100    @a20220510d2022 em y0chiy50 ea
101 0  @achi
102    @aCN@b110000
105    @aa z 000yy
200 1  @a双重冲击@9shuang chong chong ji@e大国博弈的未来与未来的世界经济@dDouble shock@ethe future of power games & the future of the world economy@f李晓著@zeng
210    @a北京@c机械工业出版社@d2022
215    @a16,351页@c图@d23cm
330    @a本书选取了中国世界经济学界著名学者李晓教授近年来在不同期刊、报纸与学术论坛中公开发表的颇有影响力的关于世界经济、国际金融领域的学术论文与演讲,内容聚焦于当今世界经济的发展与变化,深度剖析了经济全球化、全球货币超发、全球治理困境等话题,并从金融发展史的角度阐释了金融发展对于国家经济发展的重要作用。本书观势洞察世界经济格局、金融发展核心议题,多维解析美国霸权与美元世界的真相、美元体系的金融逻辑,纵横大国崛起中的金融发展与多重陷阱,理性探寻中国的可持续发展之路。
510 1  @aDouble shock@ethe future of power games & the future of the world economy@zeng
606 0  @a世界经济@j文集
606 0  @a国际经济关系@j文集
690    @aF11-53@v5
690    @aF114-53@v5
690    @aF11@v4
701  0 @a李晓@9li xiao@c(经济学教授,@f1963-)@4著
801  0 @aCN@b91MARC@c20220511
905    @aZUCC@dF11@e143
    
    双重冲击:大国博弈的未来与未来的世界经济=Double shock:the future of power games & the future of the world economy/李晓著.-北京:机械工业出版社,2022
    16,351页:图;23cm
    
    
    ISBN 978-7-111-70154-5:CNY99.00
    本书选取了中国世界经济学界著名学者李晓教授近年来在不同期刊、报纸与学术论坛中公开发表的颇有影响力的关于世界经济、国际金融领域的学术论文与演讲,内容聚焦于当今世界经济的发展与变化,深度剖析了经济全球化、全球货币超发、全球治理困境等话题,并从金融发展史的角度阐释了金融发展对于国家经济发展的重要作用。本书观势洞察世界经济格局、金融发展核心议题,多维解析美国霸权与美元世界的真相、美元体系的金融逻辑,纵横大国崛起中的金融发展与多重陷阱,理性探寻中国的可持续发展之路。
●
相关链接 在五车中查询图书 在当当中查询图书 在豆瓣中查询图书


正题名:双重冲击     索取号:F11/143         预约/预借

序号 登录号 条形码 馆藏地/架位号 状态 备注
1 2000909644   2000909644   第三书库/ [索取号:F11/143] 在馆    
2 2000909645   2000909645   第三书库/ [索取号:F11/143] 在馆    
3 2000909646   2000909646   第三书库/ [索取号:F11/143] 在馆    
山东省滨州职业学院图书馆 欢迎您!
大连网信软件有限公司© 版权所有